Ortega y sus fuentes germánicas / (Record no. 112032)

MARC details
000 -LEADER
campo de control de longitud fija 00569nam a2200193 4500
001 - NÚMERO DE CONTROL
campo de control 112032
003 - IDENTIFICADOR DE NÚMERO DE CONTROL
campo de control ES-MaACL
005 - FECHA Y HORA DE LA ÚLTIMA TRANSACCIÓN
campo de control 20230906185418.0
007 - CAMPO FIJO DE DESCRIPCIÓN FÍSICA--INFORMACIÓN GENERAL
campo de control de longitud fija t|
008 - DATOS DE LONGITUD FIJA--INFORMACIÓN GENERAL
campo de control de longitud fija 061121s1979 sp r ||||1| spa d
100 1# - ENTRADA PRINCIPAL--NOMBRE DE PERSONA
Nombre de persona Orringer, Nelson R.
9 (RLIN) 87354
245 10 - MENCIÓN DEL TÍTULO
Título Ortega y sus fuentes germánicas /
Mención de responsabilidad, etc. Nelson R. Orringer.
260 ## - PUBLICACIÓN, DISTRIBUCIÓN, ETC.
Lugar de publicación, distribución, etc. Madrid :
Nombre del editor, distribuidor, etc. Gredos,
Fecha de publicación, distribución, etc. 1979.
300 ## - DESCRIPCIÓN FÍSICA
Extensión 375 p. ;
Dimensiones 19 cm.
490 1# - MENCIÓN DE SERIE
Mención de serie Biblioteca Hispánica de Filosofía
830 0# - PUNTO DE ACCESO ADICIONAL DE SERIE-TÍTULO UNIFORME
Título uniforme Biblioteca Hispánica de Filosofía
9 (RLIN) 181000
852 ## - LOCALIZACIÓN
Ubicación ES-MaACL
Número de control de estantería A-10813
Sublocalización o colección R.99897
Holdings
Estatus retirado Estado de pérdida Estado de daño No para préstamo Biblioteca de origen Biblioteca actual Ubicación en estantería Fecha de adquisición Fuente de adquisición Total de préstamos Signatura topográfica completa Código de barras Visto por última vez Precio de reemplazo Tipo de ítem Koha
        Biblioteca del Ateneo de Madrid Biblioteca del Ateneo de Madrid Depósito 1 17/01/2008     A-10813 1116860 23/02/2023 23/02/2023 Libro impreso